书目信息 |
| 题名: |
清代台湾农民起义史料选编
|
|
| 作者: | ;中国社会科学院历史研究所明史研究室 编 | |
| 分册: | ||
| 出版信息: | 福州 福建人民出版社 1982 |
|
| 页数: | 310页 | |
| 开本: | 21cm | |
| 丛书名: | 闽台史料丛刊 | |
| 单 册: | ||
| 中图分类: | K249.306 | |
| 科图分类: | ||
| 主题词: | 中国--历史 | |
| 电子资源: | ||
| ISBN: | ||
| 000 | 00854nam2 2200265 45 | |
| 001 | 0182007989 | |
| 005 | 20040509091612.3 | |
| 010 | @dCNY1.15 | |
| 091 | @a11173.72 | |
| 100 | @a19950518d1982 em y0chiy0121 ea | |
| 101 | 0 | @achi |
| 102 | @aCN@b350000 | |
| 105 | @ay z 000yy | |
| 106 | @ar | |
| 200 | 10 | @a清代台湾农民起义史料选编@Aqing dai tai wan nong min qi yi shi liao xuan bian@f中国社会科学院历史研究所明史研究室编 |
| 210 | @a福州@c福建人民出版社@d1982 | |
| 215 | @a310页@d21cm | |
| 225 | 2 | @a闽台史料丛刊 |
| 410 | 0 | @120010@a闽台史料丛刊 |
| 606 | 0 | @a中国@x历史 |
| 690 | @aK249.306 | |
| 711 | 02 | @a中国社会科学院历史研究所明史研究室@Azhong guo she hui ke xue yuan li shi yan jiu suo ming shi yan jiu shi@4编 |
| 801 | 0 | @aCN@b上海图书馆@c20040509 |
| 801 | 2 | @aCN@bNLC@c20040509 |
| 905 | @f2@b179846-847@dK249.306@e18@b126625-626@f2 | |
| 清代台湾农民起义史料选编/中国社会科学院历史研究所明史研究室编.-福州:福建人民出版社,1982 |
| 310页;21cm.-(闽台史料丛刊) |
| ISBN :CNY1.15 |
| ● |
| 相关链接 |
|
|
|
|
正题名:清代台湾农民起义史料选编
索取号:K249.306/18
 
预约/预借
| 序号 | 登录号 | 条形码 | 馆藏地/架位号 | 状态 | 备注 |
| 1 | 0126625 | 000454671 | 第二借阅区/ [索取号:K249.306/18] | 在馆 | |
| 2 | 0126626 | 000921818 | 密集书库/ [索取号:K249.306/18] | 在馆 | |
| 3 | 0179846 | 000921827 | 密集书库/ [索取号:K249.306/18] | 在馆 | |
| 4 | 0179847 | 000921836 | 密集书库/ [索取号:K249.306/18] | 在馆 |